[Event "36th Teams Ch-GR"]
[Site "Kallithea Halkidiki"]
[Date "2008.07.08"]
[Round "4.8"]
[White "Bojkov, Dejan"]
[Black "Festas, Georgios"]
[Result "1-0"]
[WhiteElo "2498"]
[BlackElo "2172"]
[PlyCount "31"]
[EventDate "2008.07.06"]
[WhiteTeam "OFS KAVALAS"]
[BlackTeam "SO ILIOUPOLIS"]

1. e4 d5 2. exd5 Qxd5 3. Nc3 Qa5 4. d4 c6 5. Nf3 Nf6 6. Bd2 Bf5 7. Ne4 Qc7 8.
Nxf6+ gxf6 9. g3 e6 10. Bg2 Nd7 11. O-O Bd6 12. c4 Be4 13. Re1 f5 14. Ng5 Bxg2
15. Rxe6+ Kf8 16. Qh5 1-0

[Event "36th Teams Ch-GR"]
[Site "Kallithea Halkidiki"]
[Date "2008.07.08"]
[Round "4.8"]
[White "Skalkotas, Nikolaos"]
[Black "Dimitrov, Atanas"]
[Result "1/2-1/2"]
[WhiteElo "2273"]
[BlackElo "2302"]
[PlyCount "33"]
[EventDate "2008.07.06"]
[WhiteTeam "SO ILIOUPOLIS"]
[BlackTeam "OFS KAVALAS"]

1. d4 Nf6 2. Nf3 g6 3. g3 Bg7 4. Bg2 O-O 5. O-O d5 6. c4 c6 7. Qb3 e6 8. Nc3 b6
9. cxd5 exd5 10. Bg5 h6 11. Bf4 Bb7 12. Rad1 Nbd7 13. Be5 Qe7 14. Rfe1 Rfe8 15.
Bxf6 Nxf6 16. Ne5 Qe6 17. Nd3 1/2-1/2

[Event "36th Teams Ch-GR"]
[Site "Kallithea Halkidiki"]
[Date "2008.07.08"]
[Round "4.8"]
[White "Markidis, Konstantinos"]
[Black "Gogolis, Alexandros"]
[Result "1/2-1/2"]
[WhiteElo "2315"]
[BlackElo "2283"]
[PlyCount "56"]
[EventDate "2008.07.06"]
[WhiteTeam "OFS KAVALAS"]
[BlackTeam "SO ILIOUPOLIS"]

1. e4 d5 2. exd5 Qxd5 3. Nc3 Qa5 4. d4 c6 5. Nf3 Nf6 6. Bd2 Bg4 7. h3 Bxf3 8.
Qxf3 Nbd7 9. O-O-O e6 10. g4 Nd5 11. Nxd5 Qxd5 12. Qxd5 cxd5 13. f4 O-O-O 14.
Bd3 Bd6 15. f5 e5 16. dxe5 Bxe5 17. Bb4 Nb6 18. b3 f6 19. c3 Kb8 20. a4 Rc8 21.
a5 Na8 22. Kb2 Rhd8 23. Rd2 Nc7 24. Rhd1 d4 25. c4 Na6 26. Ba3 Nc5 27. Kc2 Bf4
28. Re2 Be3 1/2-1/2

[Event "36th Teams Ch-GR"]
[Site "Kallithea Halkidiki"]
[Date "2008.07.08"]
[Round "4.8"]
[White "Ignatiadis, Konstantinos"]
[Black "Dorfanis, Ilarion"]
[Result "1/2-1/2"]
[WhiteElo "2271"]
[BlackElo "2177"]
[PlyCount "85"]
[EventDate "2008.07.06"]
[WhiteTeam "SO ILIOUPOLIS"]
[BlackTeam "OFS KAVALAS"]

1. d4 d5 2. Bg5 h6 3. Bf4 Nf6 4. Nf3 c5 5. e3 Qb6 6. Nc3 e6 7. Nb5 Na6 8. a4
Be7 9. a5 Qd8 10. h3 Ne4 11. Nd2 Nxd2 12. Qxd2 c4 13. Be2 Qd7 14. Nc3 O-O 15.
O-O Bd6 16. Bxd6 Qxd6 17. e4 Nc7 18. e5 Qe7 19. f4 f5 20. Nd1 Bd7 21. Ne3 b5
22. c3 Kh7 23. Rf2 Rg8 24. Kh2 Rab8 25. Nc2 g6 26. Nb4 Rg7 27. Rg1 Rbg8 28. g3
Be8 29. Bd1 Qd7 30. g4 Qe7 31. Rg3 Qd8 32. Bc2 Qe7 33. Rfg2 Bd7 34. Qe3 Be8 35.
Bd1 Qd8 36. Bf3 Qe7 37. gxf5 gxf5 38. Rxg7+ Rxg7 39. Rxg7+ Kxg7 40. Qg1+ Kh7
41. Qg3 Qd8 42. h4 Qe7 43. Kh3 1/2-1/2

[Event "36th Teams Ch-GR"]
[Site "Kallithea Halkidiki"]
[Date "2008.07.08"]
[Round "4.8"]
[White "Hrisomalis, Theodoros"]
[Black "Papageorgiou, Dimitrios"]
[Result "1/2-1/2"]
[WhiteElo "1862"]
[BlackElo "1855"]
[PlyCount "117"]
[EventDate "2008.07.06"]
[WhiteTeam "OFS KAVALAS"]
[BlackTeam "SO ILIOUPOLIS"]

1. e4 d5 2. exd5 Qxd5 3. Nc3 Qa5 4. Bc4 Bf5 5. Nge2 e6 6. d3 c6 7. O-O Nf6 8.
Ng3 Bg6 9. Nce4 Nbd7 10. Bd2 Qc7 11. a4 Nxe4 12. Nxe4 Nc5 13. Nxc5 Bxc5 14. b4
Bd6 15. h3 O-O 16. a5 Rfd8 17. h4 h5 18. Qe1 Re8 19. Rb1 a6 20. Qe2 Qd8 21. Bg5
Be7 22. Qe3 Bxg5 23. hxg5 Qd6 24. g3 Rad8 25. Qc5 Qd4 26. Qxd4 Rxd4 27. f3 Bf5
28. Kf2 e5 29. Rh1 g6 30. Rh4 Kg7 31. Rd1 Rxh4 32. gxh4 Be6 33. Bxe6 Rxe6 34.
Re1 Kf8 35. Re4 Ke7 36. Ke3 f5 37. gxf6+ Kxf6 38. f4 Kf5 39. Kf3 Kf6 40. Re1
Kf5 41. c3 Kf6 42. Re2 Kf5 43. c4 Kf6 44. Re3 Kf5 45. Re2 Kf6 46. Re1 Kf5 47.
Rg1 Kf6 48. Rg5 exf4 49. Kxf4 Re1 50. b5 Rf1+ 51. Ke4 axb5 52. cxb5 Rh1 53.
bxc6 Rxh4+ 54. Ke3 bxc6 55. Rc5 Rh3+ 56. Ke4 Rh4+ 57. Ke3 Rh3+ 58. Ke2 Rh2+ 59.
Ke1 1/2-1/2

[Event "36th Teams Ch-GR"]
[Site "Kallithea Halkidiki"]
[Date "2008.07.08"]
[Round "4.9"]
[White "Lirindzakis, Timotheos"]
[Black "Tsekouras, Theodoros"]
[Result "1/2-1/2"]
[WhiteElo "2360"]
[BlackElo "2204"]
[PlyCount "27"]
[EventDate "2008.07.06"]
[WhiteTeam "SO HERAKLIOU"]
[BlackTeam "NO KALAMATAS O POSEIDON"]

1. d4 Nf6 2. Nf3 g6 3. c4 Bg7 4. Nc3 d5 5. Qb3 dxc4 6. Qxc4 O-O 7. e4 Nc6 8.
Be2 Nd7 9. Be3 Nb6 10. Qc5 f5 11. d5 Ne5 12. O-O-O fxe4 13. Nxe5 Bxe5 14. Rd2
1/2-1/2

[Event "36th Teams Ch-GR"]
[Site "Kallithea Halkidiki"]
[Date "2008.07.08"]
[Round "4.9"]
[White "Kiriakopoulos, Antonios"]
[Black "Stavrianakis, Ioannis"]
[Result "1-0"]
[WhiteElo "2055"]
[BlackElo "2176"]
[PlyCount "89"]
[EventDate "2008.07.06"]
[WhiteTeam "NO KALAMATAS O POSEIDON"]
[BlackTeam "SO HERAKLIOU"]

1. e4 g6 2. d4 Bg7 3. Nf3 d5 4. exd5 Qxd5 5. h3 Nc6 6. c4 Qd6 7. c5 Qd8 8. Bb5
Bd7 9. O-O Nf6 10. Nc3 O-O 11. a3 Be6 12. Re1 Nd5 13. Bg5 h6 14. Bh4 g5 15. Bg3
Nxc3 16. bxc3 Bd5 17. Ne5 Nxe5 18. Bxe5 e6 19. Qh5 Bxe5 20. Rxe5 Qf6 21. Bd3
Kg7 22. Rae1 Rad8 23. R1e3 Rg8 24. Qd1 Bc6 25. Qb1 Kh8 26. Be4 g4 27. Bxc6 bxc6
28. Qe4 gxh3 29. Rxh3 Rd5 30. Rf3 Qg7 31. Rg3 Qf6 32. Rxg8+ Kxg8 33. Rxd5 cxd5
34. Qb1 Qf4 35. g3 Qd2 36. Qb8+ Kg7 37. Qxc7 Qe1+ 38. Kg2 Qe4+ 39. Kh2 Qc2 40.
Qe5+ f6 41. Qe3 Kf7 42. Kg2 Ke7 43. Qxh6 Qxc3 44. Qg7+ Ke8 45. Qxf6 1-0

[Event "36th Teams Ch-GR"]
[Site "Kallithea Halkidiki"]
[Date "2008.07.08"]
[Round "4.10"]
[White "Koukoufikis, Georgios"]
[Black "Zalahoras, Nikolaos"]
[Result "1/2-1/2"]
[WhiteElo "2224"]
[BlackElo "2181"]
[PlyCount "119"]
[EventDate "2008.07.06"]
[WhiteTeam "SO IKARIAS I. TZELEPIS"]
[BlackTeam "PANATHLITIKOS SF SYKEON"]

1. e4 c5 2. Nc3 d6 3. g3 g6 4. Bg2 Bg7 5. d3 Nc6 6. Be3 Nf6 7. h3 Rb8 8. Qd2 h5
9. f4 Qa5 10. Nf3 e5 11. O-O b5 12. a3 Qc7 13. fxe5 dxe5 14. Bxc5 Nd4 15. b4
Ne6 16. Be3 Bd7 17. Ne2 O-O 18. c3 Rfd8 19. Kh2 Bc6 20. Ng5 Nxg5 21. Bxg5 Nxe4
22. Bxe4 Bxe4 23. Qe3 Bxd3 24. Bxd8 Rxd8 25. Rfd1 Bc4 26. h4 Re8 27. Ng1 Be6
28. Nh3 Bc8 29. a4 bxa4 30. Rxa4 a6 31. Ra5 Qc6 32. Rc5 Qe6 33. Ng5 Qf5 34. Rd2
f6 35. Rxc8 Rxc8 36. Ne4 Qe6 37. Rd6 Qa2+ 38. Kh3 Qb1 39. Qf3 f5 40. Nf6+ Kh8
41. Rd1 Qc2 42. Qb7 Rf8 43. Nxh5 gxh5 44. Rd7 Rg8 45. Qf3 Qc1 46. Qxh5+ Bh6 47.
Kh2 Qe3 48. Rd3 Qf2+ 49. Kh1 Kh7 50. Rf3 Qe1+ 51. Kg2 f4 52. Qf7+ Rg7 53. Qf5+
Kg8 54. Qc8+ Kf7 55. Qd7+ Kf6 56. Qd6+ Kf7 57. Qd7+ Kg6 58. Qe6+ Kh7 59. Qf5+
Kh8 60. Qf8+ 1/2-1/2

[Event "36th Teams Ch-GR"]
[Site "Kallithea Halkidiki"]
[Date "2008.07.08"]
[Round "4.10"]
[White "Vazouras, Theodoros"]
[Black "Grapsa, Georgia"]
[Result "1/2-1/2"]
[WhiteElo "1912"]
[BlackElo "2104"]
[PlyCount "75"]
[EventDate "2008.07.06"]
[WhiteTeam "SO IKARIAS I. TZELEPIS"]
[BlackTeam "PANATHLITIKOS SF SYKEON"]

1. c4 Nf6 2. Nc3 c5 3. g3 g6 4. Bg2 Bg7 5. Nf3 O-O 6. O-O Nc6 7. d4 cxd4 8.
Nxd4 a6 9. Nc2 d6 10. e4 Be6 11. Qe2 Na5 12. b3 Ne8 13. Bd2 Rc8 14. Ne3 b5 15.
Ncd5 Nc6 16. Rac1 Bd7 17. Bc3 Bxc3 18. Nxc3 b4 19. Ncd5 e6 20. Nf4 Nf6 21. Qd2
e5 22. Ne2 Be6 23. Rfd1 Qb6 24. Qd3 Rfd8 25. Rd2 Kg7 26. Rcd1 a5 27. Qb1 Ng4
28. Qd3 Nf6 29. Kf1 h5 30. h4 Qc5 31. Rc1 Ng4 32. Nxg4 hxg4 33. Qe3 Qxe3 34.
fxe3 Kf8 35. Rcd1 Ke7 36. Nc1 Nb8 37. Nd3 Na6 38. Kf2 1/2-1/2

[Event "36th Teams Ch-GR"]
[Site "Kallithea Halkidiki"]
[Date "2008.07.09"]
[Round "5.1"]
[White "Halkias, Stelios"]
[Black "Souleidis, Georgios"]
[Result "1/2-1/2"]
[WhiteElo "2579"]
[BlackElo "2431"]
[PlyCount "81"]
[EventDate "2008.07.06"]
[WhiteTeam "SO KAVALAS"]
[BlackTeam "AO KYDON CHANION"]

1. d4 Nf6 2. Nf3 g6 3. Bg5 Bg7 4. Nbd2 d5 5. e3 O-O 6. Be2 Nbd7 7. c4 dxc4 8.
Nxc4 c5 9. O-O Ne4 10. Bh4 cxd4 11. Nxd4 Ndc5 12. Bf3 g5 13. Bg3 Nxg3 14. hxg3
e5 15. Nb3 Nxb3 16. axb3 Be6 17. g4 Qc7 18. Bd5 Rfd8 19. e4 Bxd5 20. exd5 e4
21. Qe2 Rxd5 22. Qxe4 Rd4 23. Qf5 Qf4 24. Ra5 Qxf5 25. gxf5 a6 26. Re1 Bf6 27.
Rc5 Rad8 28. Rc7 R4d7 29. Re8+ Rxe8 30. Rxd7 Re1+ 31. Kh2 b5 32. Nd6 Be5+ 33.
g3 Bxd6 34. Rxd6 Re2 35. Kg2 Rxb2 36. Rxa6 Rxb3 37. f6 h5 38. Ra7 g4 39. Rd7
Rf3 40. Rd5 Rxf6 41. Rxb5 1/2-1/2

[Event "36th Teams Ch-GR"]
[Site "Kallithea Halkidiki"]
[Date "2008.07.09"]
[Round "5.1"]
[White "Sandalakis, Angelos"]
[Black "Skembris, Spyridon"]
[Result "0-1"]
[WhiteElo "2341"]
[BlackElo "2415"]
[PlyCount "80"]
[EventDate "2008.07.06"]
[WhiteTeam "AO KYDON CHANION"]
[BlackTeam "SO KAVALAS"]

1. e4 c6 2. Nc3 g6 3. d4 Bg7 4. Nf3 d5 5. h3 dxe4 6. Nxe4 Nd7 7. Bc4 Ngf6 8.
Nxf6+ Nxf6 9. O-O O-O 10. c3 Nd5 11. Re1 Be6 12. Ng5 Bf5 13. Qb3 h6 14. Ne4 Nb6
15. Ng3 Nxc4 16. Qxc4 Be6 17. Qe2 Qd7 18. Bf4 Rfe8 19. Ne4 b6 20. Nd2 Kh7 21.
Be5 f6 22. Bh2 Bf7 23. a4 c5 24. dxc5 bxc5 25. Ne4 Qc6 26. Qb5 Rac8 27. f4 a6
28. Qxc6 Rxc6 29. a5 Rb8 30. Re2 Bc4 31. f5 Rb7 32. fxg6+ Kxg6 33. Rd2 f5 34.
Ng3 Bf6 35. Nf1 Re6 36. Bf4 Re4 37. Rf2 e5 38. Bc1 Re1 39. g3 Bg5 40. b3 Rxb3
0-1

[Event "36th Teams Ch-GR"]
[Site "Kallithea Halkidiki"]
[Date "2008.07.09"]
[Round "5.1"]
[White "Botsari, Anna-Maria"]
[Black "Pavlidou, Ekaterini"]
[Result "1-0"]
[WhiteElo "2321"]
[BlackElo "2034"]
[PlyCount "143"]
[EventDate "2008.07.06"]
[WhiteTeam "SO KAVALAS"]
[BlackTeam "AO KYDON CHANION"]

1. d4 Nf6 2. c4 e6 3. Nc3 Bb4 4. e3 O-O 5. Bd3 Bxc3+ 6. bxc3 d6 7. Ne2 Nbd7 8.
O-O e5 9. Ng3 Re8 10. e4 Nf8 11. f4 h6 12. fxe5 dxe5 13. d5 Qe7 14. Qf3 N8h7
15. h3 b6 16. a4 c5 17. Be3 Bd7 18. a5 Reb8 19. Rfb1 Qd8 20. Qf2 Ng5 21. axb6
axb6 22. Qb2 Rxa1 23. Rxa1 Ne8 24. Rb1 Qf6 25. Qf2 Qg6 26. Bxc5 Bxh3 27. Nf5
Bxf5 28. Qxf5 Qh5 29. Be7 Ra8 30. d6 Nf6 31. Bxf6 gxf6 32. d7 Qh4 33. Rd1 Ne6
34. Be2 Qg5 35. Qxg5+ fxg5 36. Bg4 Rd8 37. Rd6 Kg7 38. Bxe6 fxe6 39. Rxe6 Rxd7
40. Rxb6 Rc7 41. Rb4 Kg6 42. Kf2 Kh5 43. Kg3 Rd7 44. Rb3 Rd3+ 45. Kf2 Kg4 46.
c5 Rd7 47. Rb6 h5 48. Rd6 Rf7+ 49. Ke3 Kg3 50. Rh6 h4 51. Rg6 g4 52. Kd3 h3 53.
gxh3 Kxh3 54. Kc4 g3 55. c6 g2 56. Kd5 Rf3 57. c7 Rxc3 58. Rc6 Rd3+ 59. Kxe5
g1=Q 60. c8=Q+ Qg4 61. Qxg4+ Kxg4 62. Rg6+ Kf3 63. Kf5 Rd4 64. e5 Rf4+ 65. Ke6
Ke4 66. Rg1 Rh4 67. Re1+ Kf4 68. Kd6 Kf5 69. e6 Rd4+ 70. Kc5 Rd8 71. e7 Re8 72.
Kd6 1-0

[Event "36th Teams Ch-GR"]
[Site "Kallithea Halkidiki"]
[Date "2008.07.09"]
[Round "5.2"]
[White "Iotov, Valentin"]
[Black "Haritakis, Theodoros"]
[Result "1/2-1/2"]
[WhiteElo "2519"]
[BlackElo "2276"]
[PlyCount "85"]
[EventDate "2008.07.06"]
[WhiteTeam "ES THESSALONIKIS"]
[BlackTeam "SO POLICHNIS"]

1. d4 d5 2. Nf3 Nf6 3. c4 e6 4. Nc3 Be7 5. Bg5 O-O 6. e3 Nbd7 7. Qc2 c5 8. dxc5
Nxc5 9. Rd1 Qa5 10. Nd2 Rd8 11. Be2 Bd7 12. O-O Na4 13. Nb3 Qb6 14. cxd5 Nxc3
15. bxc3 exd5 16. Nd4 Qc5 17. Rb1 b6 18. Ba6 h6 19. Bh4 Rab8 20. Bb5 Rbc8 21.
Bxd7 Rxd7 22. Qa4 Qa5 23. Qxa5 bxa5 24. Rb5 a4 25. Ra5 Rc4 26. Nf3 Rb7 27. h3
g5 28. Bg3 Ne4 29. Be5 a3 30. Rc1 Bc5 31. Bd4 Bxd4 32. Nxd4 Nxc3 33. Rxa3 Rxd4
34. Raxc3 Ra4 35. R3c2 d4 36. exd4 Rxd4 37. Rc6 Rb6 38. Rxb6 axb6 39. Rc6 Rd1+
40. Kh2 Rd2 41. Rxh6 Rxf2 42. Rxb6 Rxa2 43. Rb5 1/2-1/2

[Event "36th Teams Ch-GR"]
[Site "Kallithea Halkidiki"]
[Date "2008.07.09"]
[Round "5.2"]
[White "Tantsis, Georgios"]
[Black "Mastrovasilis, Athanasios"]
[Result "0-1"]
[WhiteElo "2193"]
[BlackElo "2518"]
[PlyCount "116"]
[EventDate "2008.07.06"]
[WhiteTeam "SO POLICHNIS"]
[BlackTeam "ES THESSALONIKIS"]

1. d4 Nf6 2. Nf3 e6 3. g3 b5 4. Bg2 Bb7 5. O-O c5 6. c3 Be7 7. b3 O-O 8. Bb2 d5
9. Ne5 Nc6 10. Nd2 Qb6 11. Ndf3 Rfc8 12. a4 bxa4 13. Rxa4 cxd4 14. cxd4 Ne4 15.
Nd3 Nb4 16. Nfe5 f6 17. Nxb4 Bxb4 18. Nd3 Be7 19. Ba1 Bc6 20. Ra2 Bd7 21. Rc2
Rxc2 22. Qxc2 Rc8 23. Qa2 Bb5 24. Rc1 Rxc1+ 25. Nxc1 Qc7 26. Qb1 Nc3 27. Qb2
Bb4 28. Bf1 Nd1 29. Qb1 Nc3 30. Qb2 Qa5 31. Nd3 Bxd3 32. exd3 Qa2 33. Qc1 Qb1
34. Bb2 Qxc1 35. Bxc1 Nb5 36. Be2 Kf7 37. Kf1 Ke7 38. Bd1 Bc3 39. h4 a5 40. Be3
Bxd4 41. Bf4 Kd7 42. Bh5 Bc3 43. Be3 Kd6 44. Be8 Nc7 45. Bh5 Kc6 46. Ba7 g6 47.
Bd1 Kb5 48. Be3 Kb4 49. Bh6 Ka3 50. Bf8+ Kb2 51. Bc5 Nb5 52. g4 Bb4 53. Bb6 Kc1
54. Be2 Nc3 55. Bf3 Kc2 56. Bd4 Kxb3 57. Bxf6 a4 58. Bxc3 Kxc3 0-1

[Event "36th Teams Ch-GR"]
[Site "Kallithea Halkidiki"]
[Date "2008.07.09"]
[Round "5.2"]
[White "Zakarian, David"]
[Black "Lazaridis, Har"]
[Result "0-1"]
[WhiteElo "2346"]
[BlackElo "2086"]
[PlyCount "86"]
[EventDate "2008.07.06"]
[WhiteTeam "ES THESSALONIKIS"]
[BlackTeam "SO POLICHNIS"]

1. e4 c6 2. Nf3 d5 3. exd5 cxd5 4. Ne5 Nf6 5. d4 g6 6. Bd3 Bg7 7. O-O O-O 8.
Nd2 Nc6 9. Nxc6 bxc6 10. Nb3 e5 11. dxe5 Ng4 12. Bf4 Nxe5 13. c3 Nxd3 14. Qxd3
a5 15. Rfe1 Bf5 16. Qg3 a4 17. Nd4 Bd7 18. Bc7 Qc8 19. Be5 f6 20. Bd6 Re8 21.
h4 c5 22. Nf3 Qc6 23. Rad1 Re6 24. Rxe6 Bxe6 25. Re1 Bf7 26. b4 axb3 27. axb3
Rd8 28. Be7 Re8 29. b4 cxb4 30. Bxb4 Rxe1+ 31. Nxe1 f5 32. Nf3 Qe8 33. Qc7 Bf6
34. Qd6 Bg7 35. g3 h6 36. h5 g5 37. Nd4 Kh7 38. Nc2 Qe4 39. Qd7 Be8 40. Qc7
Qxc2 41. Bd6 Qxc3 42. Qe7 Bxh5 43. Kg2 Bf3+ 0-1

[Event "36th Teams Ch-GR"]
[Site "Kallithea Halkidiki"]
[Date "2008.07.09"]
[Round "5.3"]
[White "Papadopoulos, Ioannis K"]
[Black "Kryvoruchko, Yuriy"]
[Result "0-1"]
[WhiteElo "2490"]
[BlackElo "2628"]
[PlyCount "106"]
[EventDate "2008.07.06"]
[WhiteTeam "OS TRIANDRIAS"]
[BlackTeam "SA CHANION"]

1. e4 c5 2. Nf3 e6 3. d4 cxd4 4. Nxd4 a6 5. Bd3 Nc6 6. Nxc6 bxc6 7. O-O d5 8.
e5 Ne7 9. Nd2 Qc7 10. Qe2 g6 11. Nf3 Bg7 12. Bg5 h6 13. Bf4 g5 14. Bg3 Ng6 15.
Bxg6 fxg6 16. c4 O-O 17. h4 gxh4 18. Nxh4 g5 19. Nf3 Bd7 20. Rac1 Qb6 21. b3 a5
22. Qd3 a4 23. c5 Qb4 24. Nd4 axb3 25. axb3 Ra5 26. Nc2 Qg4 27. b4 Rb5 28. Rb1
Rfb8 29. Qd2 h5 30. Nd4 h4 31. Nxb5 hxg3 32. Nd4 Bxe5 33. Nf3 Bf6 34. b5 cxb5
35. Qc2 Kg7 36. c6 Rc8 37. Rxb5 Rxc6 38. Qd2 Rc7 39. Rb8 Qf4 40. fxg3 Qxg3 41.
Rfb1 Bc8 42. Ra8 g4 43. Nd4 Qe5 44. Nb5 Bg5 45. Re1 Bxd2 46. Rxe5 Rc5 47. Nd4
Kf6 48. Rxc8 Kxe5 49. Rxc5 Kxd4 50. Rc6 e5 51. Rg6 e4 52. Rxg4 Kd3 53. Kf1 e3
0-1

[Event "36th Teams Ch-GR"]
[Site "Kallithea Halkidiki"]
[Date "2008.07.09"]
[Round "5.3"]
[White "Tsarouhas, Konstantinos"]
[Black "Henrichs, Thomas"]
[Result "0-1"]
[WhiteElo "2240"]
[BlackElo "2491"]
[PlyCount "74"]
[EventDate "2008.07.06"]
[WhiteTeam "SA CHANION"]
[BlackTeam "OS TRIANDRIAS"]

1. c4 g6 2. Nc3 Bg7 3. g3 c5 4. Nf3 Nc6 5. Bg2 d6 6. O-O Qd7 7. a3 b6 8. Rb1
Bb7 9. b4 e6 10. d4 Nxd4 11. Nb5 Nxb5 12. cxb5 Ne7 13. Bb2 Bxb2 14. Rxb2 Qc7
15. bxc5 bxc5 16. Qd2 O-O 17. h4 Rac8 18. h5 Bxf3 19. Bxf3 d5 20. Kg2 Qe5 21.
hxg6 hxg6 22. Rh1 Nf5 23. Rbb1 Rfd8 24. Qg5 d4 25. Rh5 Kf8 26. Qh6+ Ke7 27.
Rxf5 Qxf5 28. Rc1 c4 29. a4 c3 30. g4 Qe5 31. Rc2 Rh8 32. Qc1 Rh2+ 33. Kg1 Rch8
34. Qa3+ Kf6 35. e3 d3 36. Qxc3 dxc2 37. g5+ Ke7 0-1

[Event "36th Teams Ch-GR"]
[Site "Kallithea Halkidiki"]
[Date "2008.07.09"]
[Round "5.3"]
[White "Ilandzis, Spyridon"]
[Black "Darmarakis, Mihail"]
[Result "0-1"]
[WhiteElo "2196"]
[BlackElo "2184"]
[PlyCount "66"]
[EventDate "2008.07.06"]
[WhiteTeam "OS TRIANDRIAS"]
[BlackTeam "SA CHANION"]

1. d4 d5 2. Nf3 Nf6 3. c4 c6 4. e3 a6 5. Qc2 g6 6. Bd3 Bg7 7. O-O O-O 8. Nbd2
Nbd7 9. b3 e5 10. dxe5 Ng4 11. Bb2 Ndxe5 12. Be2 Bf5 13. e4 dxe4 14. Nd4 Qh4
15. h3 e3 16. Nxf5 exf2+ 17. Kh1 gxf5 18. Qxf5 Ne3 19. Qxf2 Qh6 20. Ne4 Nxf1
21. Rxf1 f5 22. Nc3 Rae8 23. Bc1 Qe6 24. Ba3 Rf6 25. Rd1 Ng6 26. Rd3 Rf7 27.
Bh5 Qe1+ 28. Qxe1 Rxe1+ 29. Kh2 Be5+ 30. g3 f4 31. gxf4 Rxf4 32. Kg2 Nh4+ 33.
Kg3 Rg1+ 0-1

[Event "36th Teams Ch-GR"]
[Site "Kallithea Halkidiki"]
[Date "2008.07.09"]
[Round "5.3"]
[White "Ziogas, Paris"]
[Black "Katzourakis, Pavlos"]
[Result "0-1"]
[WhiteElo "2132"]
[BlackElo "2092"]
[PlyCount "92"]
[EventDate "2008.07.06"]
[WhiteTeam "OS TRIANDRIAS"]
[BlackTeam "SA CHANION"]

1. e4 c5 2. Nf3 Nc6 3. d4 cxd4 4. Nxd4 Nf6 5. Nc3 d6 6. Bg5 e6 7. Qd2 a6 8.
O-O-O h6 9. Bh4 Nxe4 10. Bxd8 Nxd2 11. Nxc6 Nxf1 12. Bc7 bxc6 13. Bxd6 Bxd6 14.
Rxd6 Nxh2 15. Rxh2 Bb7 16. Ne4 Ke7 17. Rd3 Rhd8 18. Rg3 Kf8 19. Nc5 Bc8 20. Rh4
Rd5 21. b4 e5 22. c4 Rd6 23. Re4 f6 24. Ra3 Bf5 25. Ree3 Rad8 26. Rxa6 Rd2 27.
Rc3 Rxf2 28. Rxc6 Rxa2 29. b5 Rdd2 30. Ra6 Rac2+ 31. Rxc2 Rxc2+ 32. Kd1 Rxc4
33. b6 Rxc5 34. b7 Rb5 35. Ra8+ Kf7 36. b8=Q Rxb8 37. Rxb8 Kg6 38. Ke2 Kg5 39.
Kf2 g6 40. Rb6 Be4 41. Re6 h5 42. Re8 h4 43. Re7 Bd5 44. Re8 Be4 45. Re7 Bf5
46. Re8 h3 0-1

[Event "36th Teams Ch-GR"]
[Site "Kallithea Halkidiki"]
[Date "2008.07.09"]
[Round "5.3"]
[White "Papadopoulou, Vera"]
[Black "Dimitriadi, Aspasia"]
[Result "1-0"]
[WhiteElo "2210"]
[BlackElo "1888"]
[PlyCount "89"]
[EventDate "2008.07.06"]
[WhiteTeam "SA CHANION"]
[BlackTeam "OS TRIANDRIAS"]

1. d4 d5 2. c4 dxc4 3. Nf3 Nf6 4. e3 e6 5. Bxc4 c5 6. O-O a6 7. a4 Nc6 8. Qe2
Qc7 9. Rd1 Bd6 10. Nc3 O-O 11. h3 Bd7 12. d5 exd5 13. Nxd5 Nxd5 14. Bxd5 Rad8
15. b3 h6 16. Bb2 Rfe8 17. Rac1 Be6 18. Bc4 Nb4 19. Bxe6 Rxe6 20. Rc4 Qa5 21.
Bc3 Qb6 22. Nh4 Be5 23. Bxb4 Rxd1+ 24. Qxd1 cxb4 25. Rc8+ Kh7 26. Qf3 Bf6 27.
Nf5 Rc6 28. Rxc6 bxc6 29. Qe4 Qc7 30. Nd4+ g6 31. Qxc6 Qxc6 32. Nxc6 Kg7 33.
Nxb4 a5 34. Nc6 Bc3 35. Kf1 Kf6 36. Ke2 Ke6 37. Kd3 Be1 38. f3 Kd6 39. Nd4 Kd5
40. Nc2 Bf2 41. e4+ Ke5 42. Ne3 Kf4 43. Ng4 Kg3 44. Nxf2 Kxf2 45. b4 1-0

[Event "36th Teams Ch-GR"]
[Site "Kallithea Halkidiki"]
[Date "2008.07.09"]
[Round "5.3"]
[White "Forestier, Carole"]
[Black "Hristodoulaki, Antonia"]
[Result "1/2-1/2"]
[WhiteElo "2067"]
[BlackElo "1790"]
[PlyCount "141"]
[EventDate "2008.07.06"]
[WhiteTeam "OS TRIANDRIAS"]
[BlackTeam "SA CHANION"]

1. d4 d5 2. c4 Bf5 3. Nc3 e6 4. Nf3 c6 5. Qb3 Qc8 6. Bf4 Nf6 7. Rc1 dxc4 8.
Qxc4 Nbd7 9. Nb5 Nd5 10. Nd6+ Bxd6 11. Bxd6 N7b6 12. Qb3 Qd7 13. Qa3 f6 14. g3
Kf7 15. Bg2 Rhd8 16. Bc5 Nc7 17. Qb3 Nbd5 18. a4 Na6 19. Ba3 Qc7 20. O-O Qb6
21. Qxb6 axb6 22. Rc4 Ndc7 23. Re1 b5 24. axb5 cxb5 25. Rcc1 Rd7 26. Bc5 Rb8
27. e4 Bxe4 28. Rxe4 b6 29. Bh3 bxc5 30. dxc5 Rbd8 31. Kg2 Rd3 32. b4 e5 33.
Rb1 Kf8 34. Ne1 R3d4 35. Rxd4 Rxd4 36. Nc2 Rd2 37. Ne3 g6 38. Bc8 Rd4 39. Nc2
Rd2 40. Na3 Ra2 41. Rb3 Nxb4 42. Nxb5 Nxb5 43. Rxb4 Nd4 44. Rc4 Rc2 45. Rxc2
Nxc2 46. Kf3 Ke7 47. Ke4 Nb4 48. f4 exf4 49. gxf4 h6 50. Kd4 Kd8 51. Be6 Kc7
52. Kc4 Nc6 53. Bd5 Ne7 54. Be4 Kd7 55. Kb5 Kc7 56. h3 g5 57. f5 h5 58. Bf3
Nxf5 59. Bxh5 Nh6 60. Kc4 f5 61. Kd4 g4 62. h4 f4 63. Bg6 g3 64. Be4 Nf5+ 65.
Kd3 Nxh4 66. Ke2 f3+ 67. Kf1 f2 68. Ke2 Kd7 69. Kf1 Ke6 70. c6 Kd6 71. Ke2
1/2-1/2

[Event "36th Teams Ch-GR"]
[Site "Kallithea Halkidiki"]
[Date "2008.07.09"]
[Round "5.4"]
[White "Gavrilakis, Nikolaos"]
[Black "Atalik, Suat"]
[Result "1/2-1/2"]
[WhiteElo "2429"]
[BlackElo "2585"]
[PlyCount "49"]
[EventDate "2008.07.06"]
[WhiteTeam "SAS KOROPIOU"]
[BlackTeam "SA THES/NIKIS O GALAXIAS"]

1. e4 e5 2. Nf3 Nc6 3. Bb5 Nf6 4. O-O Nxe4 5. Re1 Nd6 6. Nxe5 Be7 7. Bf1 O-O 8.
d4 Nf5 9. c3 Nxe5 10. Rxe5 d6 11. Re1 Be6 12. d5 Bd7 13. Nd2 g6 14. Ne4 Ng7 15.
Bh6 f5 16. Nd2 Bg5 17. Bxg5 Qxg5 18. Nf3 Qf6 19. Qb3 b5 20. Nd4 a6 21. Ne6 Rfc8
22. Nxg7 Kxg7 23. Re2 Re8 24. Rae1 Rxe2 25. Rxe2 1/2-1/2

[Event "36th Teams Ch-GR"]
[Site "Kallithea Halkidiki"]
[Date "2008.07.09"]
[Round "5.4"]
[White "Siebrecht, Sebastian"]
[Black "Kapnisis, Spyridon"]
[Result "1/2-1/2"]
[WhiteElo "2453"]
[BlackElo "2405"]
[PlyCount "68"]
[EventDate "2008.07.06"]
[WhiteTeam "SA THES/NIKIS O GALAXIAS"]
[BlackTeam "SAS KOROPIOU"]

1. d4 d5 2. Nf3 Nf6 3. c4 c6 4. Qc2 g6 5. Bf4 Na6 6. e3 Bf5 7. Qb3 Nb4 8. Qxb4
e5 9. Qxb7 Rb8 10. Qxc6+ Bd7 11. Qxf6 Qxf6 12. Bxe5 Qb6 13. b3 Bb4+ 14. Nbd2
O-O 15. Bxb8 Rxb8 16. Bd3 dxc4 17. Bxc4 Qa5 18. Ke2 Bb5 19. Kd3 Bxd2 20. Nxd2
Bxc4+ 21. Nxc4 Qf5+ 22. Ke2 Qg4+ 23. Kf1 Qe4 24. Kg1 a5 25. h3 Qc2 26. Kh2 Qxf2
27. Rhf1 Qe2 28. Rfe1 Qc2 29. Kh1 a4 30. Rec1 Qe2 31. Re1 Qc2 32. Rec1 Qe2 33.
Re1 Qc2 34. Rec1 Qe2 1/2-1/2

[Event "36th Teams Ch-GR"]
[Site "Kallithea Halkidiki"]
[Date "2008.07.09"]
[Round "5.4"]
[White "Vragoteris, Antonios"]
[Black "Delithanasis, Dimitrios"]
[Result "0-1"]
[WhiteElo "2290"]
[BlackElo "2228"]
[PlyCount "66"]
[EventDate "2008.07.06"]
[WhiteTeam "SA THES/NIKIS O GALAXIAS"]
[BlackTeam "SAS KOROPIOU"]

1. d4 d5 2. c4 c6 3. Nf3 e6 4. Qc2 Bd6 5. g3 Nf6 6. Nbd2 b6 7. Bg2 Bb7 8. O-O
O-O 9. e4 dxe4 10. Nxe4 Nxe4 11. Qxe4 Nd7 12. Ne5 Rc8 13. Rd1 Rc7 14. Nxd7 Rxd7
15. Qg4 Be5 16. Be3 Bf6 17. Rd2 Qe7 18. Rad1 Rfd8 19. h4 Qb4 20. b3 a5 21. Be4
a4 22. Rd3 axb3 23. axb3 b5 24. c5 Qa3 25. h5 b4 26. h6 Rd5 27. Bxd5 Rxd5 28.
Qf4 Ba6 29. Qb8+ Rd8 30. Qa7 Bxd3 31. Qxa3 bxa3 32. Rxd3 a2 33. Rd1 Rxd4 0-1